Lyrics to 'Si La Ves' by Morat - Statistics

General Stats
  • This quiz has been taken 39 times
  • The average score is 266 of 331
Answer Stats
Answer % Correct
a
100%
la
100%
por
100%
que
100%
Que
100%
qué
100%
Si
100%
si
100%
ves
100%
Y
100%
y
100%
al
86%
algún
86%
algunas
86%
aquella
86%
bien
86%
café
86%
casa
86%
con
86%
conversación
86%
de
86%
¿De
86%
dejo
86%
devolver
86%
en
86%
fue
86%
hablar
86%
instrucciones
86%
no
86%
No
86%
nuestro
86%
nunca
86%
Para
86%
quiso
86%
siguió
86%
su
86%
tal
86%
taza
86%
Te
86%
te
86%
tomando
86%
86%
Usando
86%
vez
86%
ya
86%
Ya
86%
alguien
71%
aunque
71%
averiguar
71%
basta
71%
cada
71%
caso
71%
ciudarme
71%
confirmar
71%
conmigo
71%
cuente
71%
cuidarme
71%
dejé
71%
delatar
71%
Desde
71%
di
71%
dime
71%
duela
71%
ella
71%
Ella
71%
empezar
71%
entrometerme
71%
está
71%
estás
71%
esté
71%
fuerces
71%
haces
71%
hay
71%
herida
71%
hoy
71%
información
71%
Intenta
71%
le
71%
los
71%
luego
71%
más
71%
más?
71%
me
71%
71%
muero
71%
necesito
71%
note
71%
paso
71%
pero
71%
Pero
71%
pido
71%
pienses
71%
pintar
71%
Porque
71%
Pregúntale
71%
procura
71%
prometí
71%
quiero
71%
rastro
71%
Recuerda
71%
saber
71%
sacando
71%
71%
se
71%
71%
sin
71%
Sin
71%
solo
71%
Solo
71%
suponer
71%
todo
71%
trabajo
71%
vida
71%
volverle
71%
volvió
71%
yo
71%
Yo
71%
baste
57%
debo
57%
digas
57%
era
57%
feliz
57%
nada
57%
necesite
57%
olvide
57%
Puede
57%
puede
57%
recuerdo
57%
vuelva
57%
arriesgar
43%
haga
43%
mal
43%
pensándolo
43%
recordarle
43%
ser
43%
sirve
43%
No matching quizzes found
Score Distribution
Percent of People with Each Score
Percentile by Number Answered
Your Score History
You have not taken this quiz